<?xml version="1.0" encoding="UTF-8"?>
<collection xmlns="http://www.loc.gov/MARC21/slim">
<record>
  <controlfield tag="001">136149</controlfield>
  <controlfield tag="005">20241220120715.0</controlfield>
  <datafield tag="024" ind1="8" ind2=" ">
    <subfield code="2">sideral</subfield>
    <subfield code="a">139092</subfield>
  </datafield>
  <datafield tag="037" ind1=" " ind2=" ">
    <subfield code="a">ART-2024-139092</subfield>
  </datafield>
  <datafield tag="041" ind1=" " ind2=" ">
    <subfield code="a">spa</subfield>
  </datafield>
  <datafield tag="100" ind1=" " ind2=" ">
    <subfield code="a">López Julián, P.L.</subfield>
    <subfield code="u">Universidad de Zaragoza</subfield>
    <subfield code="0">(orcid)0000-0002-5585-2126</subfield>
  </datafield>
  <datafield tag="245" ind1=" " ind2=" ">
    <subfield code="a">Hidroquímica de las aguas subterráneas en el barrio de La Almozara (Zaragoza)</subfield>
  </datafield>
  <datafield tag="260" ind1=" " ind2=" ">
    <subfield code="c">2024</subfield>
  </datafield>
  <datafield tag="506" ind1="0" ind2=" ">
    <subfield code="a">Access copy available to the general public</subfield>
    <subfield code="f">Unrestricted</subfield>
  </datafield>
  <datafield tag="520" ind1="3" ind2=" ">
    <subfield code="a">En el subsuelo del barrio de La Almozara (Zaragoza) existen niveles de aguas subterráneas con pH ácido (pH&lt;3) que contienen una concentración elevada de metales en disolución. La Confederación Hidrográfica del Ebro instaló para su vigilancia una red de puntos de control de calidad del agua subterránea (CHE, 2010), y en el presente trabajo se analizan muestras de aguas de varios de estos puntos de control. El origen de los contenidos metálicos se relaciona con la herencia industrial y los residuos sólidos de tostación de piritas que persisten en el subsuelo. Los resultados hidroquímicos permiten identificar la existencia de tres tipos químicos de aguas subterráneas: 1) aguas del acuífero aluvial del Ebro, con pH neutro, conductividad eléctrica (CE) hasta 1700 S/cm y contenidos prácticamente nulos en elementos metálicos; 2) aguas ácidas (pH&lt;3) en contacto directo con los residuos, con CE>8000 S/cm y contenidos en metales disueltos que llegan a alcanzar hasta varios g/l, como en el caso de Cu y Zn; 3) aguas con pH neutro pero con CE>2500 S/cm y metales disueltos en niveles de ppb (Zn, As, Ni, Sb, Mo, Mn, Ni, Tl). Estos resultados indican que el contenido de metales no puede sólo establecerse a partir de la reactividad del agua (pH) y que el contenido en metales de las aguas ácidas termina interaccionando con las aguas del acuífero aluvial del Ebro. Esto da lugar a un incremento claro en el contenido en elementos metálicos y que implicaría la ampliación de las aguas a considerar como potencialmente peligrosas.</subfield>
  </datafield>
  <datafield tag="540" ind1=" " ind2=" ">
    <subfield code="9">info:eu-repo/semantics/openAccess</subfield>
    <subfield code="a">All rights reserved</subfield>
    <subfield code="u">http://www.europeana.eu/rights/rr-f/</subfield>
  </datafield>
  <datafield tag="655" ind1=" " ind2="4">
    <subfield code="a">info:eu-repo/semantics/conferenceObject</subfield>
    <subfield code="v">info:eu-repo/semantics/publishedVersion</subfield>
  </datafield>
  <datafield tag="700" ind1=" " ind2=" ">
    <subfield code="a">Pueyo Anchuela, Óscar</subfield>
    <subfield code="u">Universidad de Zaragoza</subfield>
    <subfield code="0">(orcid)0000-0002-1460-1590</subfield>
  </datafield>
  <datafield tag="700" ind1=" " ind2=" ">
    <subfield code="a">Martín-García, Jorge</subfield>
    <subfield code="u">Universidad de Zaragoza</subfield>
    <subfield code="0">(orcid)0000-0002-2247-0826</subfield>
  </datafield>
  <datafield tag="700" ind1=" " ind2=" ">
    <subfield code="a">Revuelto Gimeno, Carlos</subfield>
  </datafield>
  <datafield tag="700" ind1=" " ind2=" ">
    <subfield code="a">Gracia Abadía, Javier</subfield>
  </datafield>
  <datafield tag="700" ind1=" " ind2=" ">
    <subfield code="a">Ramajo Cordero, Javier</subfield>
  </datafield>
  <datafield tag="700" ind1=" " ind2=" ">
    <subfield code="a">Jiménez, Gema</subfield>
  </datafield>
  <datafield tag="700" ind1=" " ind2=" ">
    <subfield code="a">Sánchez, Jorge</subfield>
  </datafield>
  <datafield tag="700" ind1=" " ind2=" ">
    <subfield code="a">Mihi, Encarna</subfield>
  </datafield>
  <datafield tag="710" ind1="2" ind2=" ">
    <subfield code="1">4013</subfield>
    <subfield code="2">205</subfield>
    <subfield code="a">Universidad de Zaragoza</subfield>
    <subfield code="b">Dpto. Didácticas Específicas</subfield>
    <subfield code="c">Área Didáctica Ciencias Exper.</subfield>
  </datafield>
  <datafield tag="710" ind1="2" ind2=" ">
    <subfield code="1">2000</subfield>
    <subfield code="2">428</subfield>
    <subfield code="a">Universidad de Zaragoza</subfield>
    <subfield code="b">Dpto. Ciencias de la Tierra</subfield>
    <subfield code="c">Área Geodinámica Interna</subfield>
  </datafield>
  <datafield tag="773" ind1=" " ind2=" ">
    <subfield code="g">20 (2024), 865</subfield>
    <subfield code="p">Geotemas (Madr.)</subfield>
    <subfield code="t">Geotemas (Madrid)</subfield>
    <subfield code="x">1576-5172</subfield>
  </datafield>
  <datafield tag="856" ind1="4" ind2=" ">
    <subfield code="s">212299</subfield>
    <subfield code="u">http://zaguan.unizar.es/record/136149/files/texto_completo.pdf</subfield>
    <subfield code="y">Versión publicada</subfield>
  </datafield>
  <datafield tag="856" ind1="4" ind2=" ">
    <subfield code="s">2378528</subfield>
    <subfield code="u">http://zaguan.unizar.es/record/136149/files/texto_completo.jpg?subformat=icon</subfield>
    <subfield code="x">icon</subfield>
    <subfield code="y">Versión publicada</subfield>
  </datafield>
  <datafield tag="856" ind1="4" ind2="1">
    <subfield code="u">https://sociedadgeologica.org/publicaciones/geotemas/geo-temas-20/</subfield>
    <subfield code="z">Texto completo de la revista</subfield>
  </datafield>
  <datafield tag="909" ind1="C" ind2="O">
    <subfield code="o">oai:zaguan.unizar.es:136149</subfield>
    <subfield code="p">articulos</subfield>
    <subfield code="p">driver</subfield>
  </datafield>
  <datafield tag="951" ind1=" " ind2=" ">
    <subfield code="a">2024-12-20-12:05:30</subfield>
  </datafield>
  <datafield tag="980" ind1=" " ind2=" ">
    <subfield code="a">ARTICLE</subfield>
  </datafield>
</record>
</collection>